00487 2200169 4500245006500000020002200065250001000087100002300097650002100120650001000141005001900151260009700170041001400267084000800281300001900289336000900308 aPorodisa Surga di Halaman DepancTjahjono WidijantohText a978-602-437-361-0 aCet.1 aTjahjono Widijanto aSastra Indonesia aEbook a20241105094944 aJakartabBadan Pengembangan dan Pembinaan Bahasa Kementerian Pendidikan dan Kebudayaanc2017 aIndonesia a813 a191 hlm :cPDF atext